La motivación del personal de su empresa

Na minha lista:
Detalhes bibliográficos
Autor principal: Stevenson, Nancy (Author)
Formato: Livro
Idioma:espanhol
Publicado em: Madrid Pearson Educación 2000
Edição:1a. ed
Colecção:Guías de Bolsillo
Assuntos:
Tags: Adicionar Tag
Sem tags, seja o primeiro a adicionar uma tag!

MARC

LEADER 00000cam a2200000 a 4500
001 UCD6968
003 CL-VaPUC
008 170303e20000000sp |||||||||||||||||spa|d
020 |a 8420530611 
082 0 4 |a 658.31  |b STE  |2 21 
100 0 |a Stevenson, Nancy  |e author  |9 590876 
245 1 3 |a La motivación del personal de su empresa 
250 |a 1a. ed 
300 |a 161 p 
942 |c BK 
945 |d 20170303 17:35:00  |a arojas 
260 |a Madrid  |b Pearson Educación  |c 2000 
650 0 |a Motivación   |9 315362 
650 0 |a Liderazgo  |9 271835 
650 0 |a Administración del personal  |9 260442 
583 |a last modification  |c 20170510 09:54:24  |k Rodrigo Vera 
490 0 |a Guías de Bolsillo 
999 |c 367140  |d 367138 
952 |0 0  |1 0  |3 erb  |4 0  |6 658_310000000000000_STE_2000  |7 0  |8 A  |9 481832  |a BIBENE  |b BIBENE  |i 5328381  |o 658.31 STE 2000  |p 5328381  |r 2025-01-15  |w 2019-11-24  |y BK  |z Catalogado en:20170303  |k ICO